| 000 | 00458nam a2200169Ia 4500 | ||
|---|---|---|---|
| 005 | 20250423101500.0 | ||
| 008 | 250422s9999 xx 000 0 und d | ||
| 020 | _a9788120727755 | ||
| 050 | _aJZ 4970 .B37/ | ||
| 100 | _aBasu, Rumki | ||
| 245 | 4 | _aThe united nations: structure and functions of an international organisation | |
| 260 | _aNew Delhi | ||
| 260 | _bSterling Publishers Private Limited | ||
| 260 | _c2013 | ||
| 300 | _a494 p | ||
| 942 | _cBK | ||
| 999 |
_c36413 _d36413 |
||